000 00230nam a2200097Ia 4500
008 190216s9999||||xx |||||||||||||| ||und||
100 _aChaudary H K
245 0 _aElementary Principles Of Plant Biology
260 _bNull
942 _cBK
999 _c1168
_d1168